Central Library OPAC University of Rajshahi

A course in applied mathematics / (Record no. 5988)

MARC details
000 -LEADER
fixed length control field 00844nam a2200253 4500
001 - CONTROL NUMBER
control field 5988
003 - CONTROL NUMBER IDENTIFIER
rucl marc code BD-RJUL
005 - DATE AND TIME OF LATEST TRANSACTION
control field 20250804121228.0
008 - FIXED-LENGTH DATA ELEMENTS--GENERAL INFORMATION
fixed length control field 080114s1969 uk 000 0 eng d
035 ## - SYSTEM CONTROL NUMBER
System control number BD-RjUL
040 ## - CATALOGING SOURCE
Original cataloging agency BD-RjUL
Language of cataloging eng
Transcribing agency BD-RjUL
041 ## - LANGUAGE CODE
Language code of text/sound track or separate title eng
082 ## - DEWEY DECIMAL CLASSIFICATION NUMBER
Classification number 530.15
Edition number 18
Classification number 510
Edition number 18
Author mark and year LAC 1969
100 1# - MAIN ENTRY--PERSONAL NAME
Personal name Lawden, Derek F.
9 (RLIN) 18830
245 12 - TITLE STATEMENT
Title A course in applied mathematics /
Statement of responsibility, etc. D. F. Lawden
260 ## - PUBLICATION, DISTRIBUTION, ETC. (IMPRINT)
Place of publication, distribution, etc. London :
Name of publisher, distributor, etc. English Universities Press,
Date of publication, distribution, etc. 1960 [Impression 1970]
300 ## - PHYSICAL DESCRIPTION
Pagination V. ;
Size 23 cm
490 0# - SERIES STATEMENT
Series statement Physical science texts
505 0# - FORMATTED CONTENTS NOTE
Formatted contents note v-1 pt. 1. Dynamics -- pt. 2. Statics -- pt. 3. Field theory -- pt. 4. Hydromechanics-- pt.1. Dynamics, pt. 2. Statics,pt.3 Field theory, pt.4 Hydromechanics--
650 #0 - SUBJECT ADDED ENTRY--TOPICAL TERM
Topical term or geographic name as entry element Mathematical physics
9 (RLIN) 1138
Topical term or geographic name as entry element Mathematics
9 (RLIN) 18831
942 ## - ADDED ENTRY ELEMENTS (KOHA)
Source of classification or shelving scheme Dewey Decimal Classification
Koha item type Books
Holdings
Lost status Source of classification or shelving scheme Damaged status Not for loan Collection code Permanent Location Current Location Shelving location Date acquired Source of acquisition Total Checkouts Full call number Date last seen Copy number Koha item type
  Dewey Decimal Classification     Non-fiction Central Library, University of Rajshahi Central Library, University of Rajshahi   12/02/1973 Britain   510 LAC V-2 1969 08/01/2014 C-2 Books
  Dewey Decimal Classification     Non-fiction Central Library, University of Rajshahi Central Library, University of Rajshahi   12/02/1973 Britain   510 LAC V-1 1970 31/08/2016 C-2 Books
  Dewey Decimal Classification   Not For Loan Non-fiction Central Library, University of Rajshahi Central Library, University of Rajshahi Reading Room 04/08/2025     530.15 LAC Pt.1-4 1960 04/08/2025 C-1 Books